Pedro Ramírez Vázquez, el estratega /
Tallennettuna:
| Päätekijä: | |
|---|---|
| Muut tekijät: | , , |
| Aineistotyyppi: | Kirja |
| Kieli: | espanja |
| Julkaistu: |
México :
Arquine : Instituto Nacional de Bellas Artes : UAM,
2015, c2015
|
| Painos: | 2a edición |
| Sarja: | (Arquitectos Mexicanos de la Modernidad ;
1) |
| Aiheet: | |
| Tagit: |
Ei tageja, Lisää ensimmäinen tagi!
|
MARC
| LEADER | 00000nam^a2200000^a^4500 | ||
|---|---|---|---|
| 001 | 000400946 | ||
| 005 | 20250521000000.0 | ||
| 009 | 20260310121633.233 | ||
| 020 | |a 978-607-745-174-7 | ||
| 020 | |a 978-607-7784-78-4 | ||
| 037 | |a Acervo ITESO - Biblioteca | ||
| 041 | |a ESP | ||
| 082 | |a 720. 972 |b AMM V. 1 | ||
| 100 | |a Ramírez Vázquez, Pedro |e (arquitecto) | ||
| 240 | 1 | 1 | |a [Arquitectos mexicanos de la modernidad] |
| 245 | 1 | 0 | |a Pedro Ramírez Vázquez, el estratega / |c Arquitecto M. Pani ; dir. general y ed. de M. Adrià ; texto de A. Pérez Grovas Sariñana... [et al.] ; fotografía de L. Almeida... [et al.]. |
| 250 | |a 2a edición | ||
| 264 | 4 | |a México : |b Arquine : |b Instituto Nacional de Bellas Artes : |b UAM, |c 2015, c2015 | |
| 300 | |a 179 p. | ||
| 336 | |a texto |b txt |2 rdacontenido | ||
| 337 | |a sin mediación |b n |2 rdamedio | ||
| 338 | |a volumen |b nc |2 rdasoporte | ||
| 440 | 1 | |a (Arquitectos Mexicanos de la Modernidad ; |v 1) | |
| 521 | |a FIL 2017 EEnlace Departamento del Hábitat y Desarrollo Urbano | ||
| 586 | |a Premio Nacional de Ciencias y Artes, categoría Bellas Artes (24°: 1973): Biografías, crítica e interpretación | ||
| 649 | |a XX | ||
| 650 | |a Arquitectos Mexicanos | ||
| 650 | |a Artistas Mexicanos | ||
| 650 | |a Arquitectura Moderna - |z México - |x Historia y Crítica - |x Tema Principal | ||
| 650 | |a Arquitectura Mexicana - |x Historia y Crítica | ||
| 650 | |a Arte Moderno - |z México - |x Historia y Crítica | ||
| 650 | |a Arte Mexicano - |x Historia y Crítica | ||
| 650 | |a Ramírez Vázquez, Pedro - |x Tema Principal | ||
| 700 | |a Adrià, Miquel |e (dirección general) | ||
| 700 | |a Pérez Grovas Sariñana, Alicia |e (texto) | ||
| 700 | |a Almeida, Lourdes |e (fotógrafo) | ||
| 910 | |a Fondo General | ||
| 920 | |a Impresos - Libros | ||
| 930 | |a Colección General | ||
| 905 | |a 101 | ||
| 901 | |a 0500296130 |b IT1 |c ACC |i c157186 |u 20250521 | ||
| 902 | |a https://opac.biblio.iteso.mx/vufind/Record/000400946 | ||